<?xml version="1.0" encoding="UTF-8"?>
<record
    xmlns:xsi="http://www.w3.org/2001/XMLSchema-instance"
    xsi:schemaLocation="http://www.loc.gov/MARC21/slim http://www.loc.gov/standards/marcxml/schema/MARC21slim.xsd"
    xmlns="http://www.loc.gov/MARC21/slim">

  <leader>00757nam a22001937a 4500</leader>
  <controlfield tag="005">20250313142814.0</controlfield>
  <datafield tag="010" ind1=" " ind2=" ">
    <subfield code="a">HIN-129488</subfield>
  </datafield>
  <datafield tag="020" ind1=" " ind2=" ">
    <subfield code="c">350.00</subfield>
    <subfield code="a">9789353791261</subfield>
  </datafield>
  <datafield tag="035" ind1=" " ind2=" ">
    <subfield code="a">HN-101834</subfield>
  </datafield>
  <datafield tag="037" ind1=" " ind2=" ">
    <subfield code="b">DBAD</subfield>
  </datafield>
  <datafield tag="082" ind1=" " ind2=" ">
    <subfield code="a">363</subfield>
  </datafield>
  <datafield tag="100" ind1=" " ind2=" ">
    <subfield code="a">&#x936;&#x930;&#x94D;&#x92E;&#x93E;, &#x935;&#x947;&#x926; &#x92A;&#x94D;&#x930;&#x915;&#x93E;&#x936;</subfield>
    <subfield code="9">79613</subfield>
  </datafield>
  <datafield tag="245" ind1=" " ind2=" ">
    <subfield code="a">&#x935;&#x94D;&#x92F;&#x935;&#x938;&#x93E;&#x92F; &#x92A;&#x930;&#x93F;&#x935;&#x947;&#x936;/</subfield>
    <subfield code="c">&#x935;&#x947;&#x926; &#x92A;&#x94D;&#x930;&#x915;&#x93E;&#x936; &#x936;&#x930;&#x94D;&#x92E;&#x93E;  </subfield>
    <subfield code="b">MCO-4 </subfield>
  </datafield>
  <datafield tag="260" ind1=" " ind2=" ">
    <subfield code="a">&#x926;&#x93F;&#x932;&#x94D;&#x932;&#x940; </subfield>
    <subfield code="b">&#x928;&#x940;&#x930;&#x91C; &#x92A;&#x92C;&#x94D;&#x932;&#x93F;&#x915;&#x947;&#x936;&#x928; </subfield>
  </datafield>
  <datafield tag="270" ind1=" " ind2=" ">
    <subfield code="a">1507, &#x928;&#x908; &#x938;&#x921;&#x93C;&#x915;, &#x926;&#x93F;&#x932;&#x94D;&#x932;&#x940;-110006</subfield>
  </datafield>
  <datafield tag="300" ind1=" " ind2=" ">
    <subfield code="a">284&#x92A;&#x943;.;</subfield>
    <subfield code="c">24 &#x938;&#x947;&#x92E;&#x940; (&#x905;&#x91C;&#x93F;&#x932;&#x94D;&#x926;)</subfield>
  </datafield>
  <datafield tag="700" ind1=" " ind2=" ">
    <subfield code="a">&#x935;&#x947;&#x926; &#x92A;&#x94D;&#x930;&#x915;&#x93E;&#x936; &#x936;&#x930;&#x94D;&#x92E;&#x93E; </subfield>
    <subfield code="9">79574</subfield>
  </datafield>
  <datafield tag="942" ind1=" " ind2=" ">
    <subfield code="2">ddc</subfield>
    <subfield code="c">HN</subfield>
    <subfield code="h">363</subfield>
    <subfield code="m">&#x936;&#x930;&#x94D;&#x92E;&#x93E;&#x935;&#x947;</subfield>
  </datafield>
  <datafield tag="999" ind1=" " ind2=" ">
    <subfield code="c">210293</subfield>
    <subfield code="d">210293</subfield>
  </datafield>
  <datafield tag="952" ind1=" " ind2=" ">
    <subfield code="0">0</subfield>
    <subfield code="1">0</subfield>
    <subfield code="4">0</subfield>
    <subfield code="7">0</subfield>
    <subfield code="a">RC3SP</subfield>
    <subfield code="b">RC3SP</subfield>
    <subfield code="d">2025-03-13</subfield>
    <subfield code="e">DBAD</subfield>
    <subfield code="g">350.00</subfield>
    <subfield code="l">0</subfield>
    <subfield code="o">363 &#x936;&#x930;&#x94D;&#x92E;&#x93E;&#x935;&#x947;</subfield>
    <subfield code="p">HN-101834</subfield>
    <subfield code="r">2025-03-13 00:00:00</subfield>
    <subfield code="t">1</subfield>
    <subfield code="v">350.00</subfield>
    <subfield code="w">2025-03-13</subfield>
    <subfield code="y">HN</subfield>
  </datafield>
</record>
